000 00553cam a22002053a 4500
001 40571
003 PGUSA
005 20140828083915.0
008 120824s2012||||xxu|||||s|||||000 | eng d
040 _aPGUSA
_beng
042 _adc
100 1 _aThorne, Guy,
_d1876-1923
245 1 4 _aThe Angel
_h[electronic resource] /
_cGuy Thorne
260 _bProject Gutenberg,
_c2012
506 _aPublic domain in the USA.
516 _aElectronic text
830 0 _aProject Gutenberg
_v40571
856 4 0 _uhttp://www.gutenberg.org/ebooks/40571
942 _cEB
999 _c269824
_d269824